000 00625cam a22002293a 4500
001 6218
003 PGUSA
005 20140828083129.0
008 041116s2004||||xxu|||||s|||||000 1 eng d
040 _aPGUSA
_beng
042 _adc
050 4 _aPS
100 1 _aParker, Gilbert,
_d1862-1932
245 1 0 _aAt the Sign of the Eagle
_h[electronic resource] /
_cGilbert Parker
260 _bProject Gutenberg,
_c2004
506 _aPublic domain in the USA.
516 _aElectronic text
653 _aCanadian fiction
830 0 _aProject Gutenberg
_v6218
856 4 0 _uhttp://www.gutenberg.org/ebooks/6218
942 _cEB
999 _c235541
_d235541